Sanat: "Dinosauruksii" - Ellinoora - Statistics

Yleistilastot
  • Tätä visaa on pelattu 132 kertaa
  • Keskiarvotulos 155 / 213
Vastaustilastot
Vastaus % Oikein
dinosauruksii
98%
Jos
97%
jos
97%
94%
oli
94%
ja
92%
92%
et
91%
lentävii
91%
ei
89%
tääl
86%
odotan
85%
oliha
85%
Oliha
85%
sua
85%
mua
84%
niin
83%
siitä
83%
että
82%
kun
82%
mistä
82%
muistetaan
82%
sut
82%
joskus
80%
siitäkö
80%
kaunis
79%
loppuisi
79%
rikas
79%
tän
79%
tai
78%
tänään
78%
upea
78%
viilenee
78%
Me
77%
voi
77%
ainaki
76%
ihmeisiin
76%
kadehdittavan
76%
kai
76%
kasvot
76%
luotan
76%
maailmasi
76%
vanhenee
76%
sanon
75%
ennen
74%
mut
74%
muut
74%
uskon
74%
haluu
72%
kesät
72%
keski-ikää
72%
hiljaa
71%
juoksi
71%
löytää
71%
mennään
71%
naimisiin
71%
pääsee
71%
yli
71%
ketään
70%
kilpaa
70%
löydetä
70%
syli
70%
vaik
70%
Vaik
70%
yks
70%
elää
69%
kulisseissa
69%
monella
69%
ois
69%
tapaa
69%
itkit
68%
miten
68%
mieli
67%
ne
66%
rakastaa
66%
tärkeintä
66%
keho
64%
toimi
64%
haluat
60%
puuttuu
60%
vannottiin
59%
meil
56%
meist
56%
palasii
56%
eihän
55%
kaa
55%
hullu
54%
kukaan
54%
omistaa
54%
toisen
54%
tosissaan
54%
liian
53%
ohi
53%
ottaa
53%
repi
53%
alttarilla
52%
Nyt
52%
ajelee
51%
olet
51%
oon
51%
pelastaa
51%
pragaa
51%
autot
49%
järkiini
49%
monii
49%
seisot
49%
Taisin
49%
aika
48%
naivi
47%
toista
47%
tullu
46%
emmätiiä
43%
mukaan
41%
teit
40%
huus
39%
Miksen
38%
taittuu
33%
sun
29%
kaikki
26%
silti
24%
menee
22%
pois
22%
muistan
21%
nimen
21%
pitene
17%
eikä
15%
katoo
15%
päivämme
15%
Ehtoja vastaavia visoja ei löytynyt
Tulosjakauma
Jokaisen tuloksen saaneiden osuus
Persentiili vastausten määrän mukaan
Tuloshistoriasi
Et ole pelannut tätä visaa